00638 2200229 4500001002100000005001700021008004100038020001800079035002400097090001800121100001600139245007000155250001000225260003100235300002400266500002600290650002800316700002100344850001500365980001300380999001500393YOGYA-0209000006676720090227091922.0 ind  a979-497-323-8 0010-020900000066767 a635.26bBud I aBUDI SAMIDI aIntensifikasi budidaya bawang merahcBudi Samidi, Bambang Cahyono aCet.1 aYogyakartabKanisiusc1996 a74 hlmbilusc21 cm aBibliografi : hlm. 74 aBawang merah - Budidaya aCahyono, Bambang aYOPDYOG(B) a18-09-08 a98P0103893